Australia's 'Big' tourist attractions - Statistics

General Stats
  • This quiz has been taken 28 times
  • The average score is 11 of 30
Answer Stats
% Correct
Coffs Harbour, NSW Banana
100%
Nambour, Qld Pineapple
90%
Swan Hill, Vic Murray Cod
70%
Stanthorpe, Qld Apple
65%
Ballina, NSW Prawn
65%
Goulburn, NSW Ram
65%
Bowen, Qld Mango
55%
Tamworth or Narrandera, NSW Guitar
50%
Penguin, Tas Penguin
50%
Yandina, Qld Cow
45%
Kingston, SA Lobster
45%
Humpty Doo, NT Crocodile
40%
Dadswell Bridge/Stawell, VIc Koala
40%
Berri/Renmark, SA Orange
40%
Cobram/Koonoomoo, Vic Strawberry
35%
Broken Hill, NSW Bench seat
30%
Glenrowan, Vic Ned Kelly
30%
Robertson, NSW Potato
30%
Adaminaby, NSW Trout
30%
Mission Beach, Qld Cassowary
20%
Noosa, Qld Pelican
20%
Thorton, NSW Ugg boots
20%
Rockhampton, Qld Bull
15%
Tully, Qld Gumboot
15%
Adelaide HIlls, SA Rocking Horse
15%
Eucla, WA Whale
15%
Adelaide River, NT Buffalo
5%
Kimba, SA Galah
5%
Mole Creek, Tas Tassie Devil
5%
Ravensthorpe, WA Lollipop
0%
No matching quizzes found
Score Distribution
Percent of People with Each Score
Percentile by Number Answered
Your Score History
You have not taken this quiz